000 00726nam a2200193 u 4500
005 20220412144538.0
008 190923t2004 jr 000 0 spa d
035 _aUPN01000233035
040 _aMX-MxUPN
_bspa
_cMX-MxUPN
050 1 4 _aHD7255
_bM3.6
245 0 0 _aManual de rehabilitación para el trabajo
260 _aMéxico :
_bSistema Nacional para el Desarrollo Integral de la Familia, Dirección General de Rehabilitación ,
_c2012.
300 _a135 p.
650 0 _944258
_aPersonas con discapacidad
_xEmpleo
710 2 _944259
_aSistema Nacional para el Desarrollo Integral de la Familia (México).
_bDirección General de Rehabilitación
_eed.
905 _aLibro
942 _2lcc
_cLIBRO
999 _c205130
_d205130